000 00811nam a22002897a 4500
001 BR7602545
003 BR-BrBNA
005 20230928084951.0
007 ta
008 230509b bl.||||| |||| 00| 0 por d
040 _aBR-BrBNA
_bpor
_cBiblioteca Nacional de Agricultura
041 _a(Por)
072 _aF00
_b0230
090 _ 0230 BR7602545
110 1 _aQuimica Industrial Brasileira, S.A., Santo Andre, SP
245 1 _aCana de acucar do plantio a colheita [Saccharum officinarum; Pratica cultural]
260 3 _aSanto Andre, SP (Brasil):
_cMay 1976.
300 _a9 p.
500 _a7 illus.
650 _aProducao vegetal
650 _aCana de acucar
650 _aPratica cultural
650 _aColheita
650 _aPlantio
909 _a202309
_bLucia
_c55
_dLucia Elande
942 _cBK
999 _c22159
_d22159